[Event "Senigallia op 5th"]
[Site "Senigallia"]
[Date "2010.08.08"]
[Round "7"]
[White "Navarro, Emanuele"]
[Black "Calza, Gabriele"]
[Result "1-0"]
[WhiteElo "2172"]
[BlackElo "1992"]
[PlyCount "106"]
[EventDate "2010.08.02"]
[EventType "swiss"]
[EventRounds "7"]
[EventCountry "ITA"]
[SourceTitle "CBM 137 Extra"]
[Source "ChessBase"]
[SourceDate "2010.09.01"]
[SourceVersion "1"]
[SourceVersionDate "2010.09.01"]
[SourceQuality "1"]

1. e4 c5 2. Nf3 e6 3. d4 cxd4 4. Nxd4 Nc6 5. c4 Qc7 6. Nb5 Qb8 7. Be3 a6 8. N5c3 Nf6 9. g3 Be7 10. Qe2 0-0 11. Bg2 d6 12. Nd2 Qc7 13. h3 b6 14. 0-0 Bb7 15. Rac1 Rac8 16. Na4 Nd7 17. f4 Nc5 18. Nc3 Bf6 19. Nb3 Rfd8 20. Rfd1 Ba8 21. Nd4 Nxd4 22. Bxd4 Bxd4+ 23. Rxd4 Nd7 24. Rcd1 Nf6 25. Qd3 h6 26. Kh2 Rd7 27. e5 dxe5 28. Rxd7 Nxd7 29. Qxd7 Qxd7 30. Rxd7 Bxg2 31. Kxg2 exf4 32. gxf4 Rxc4 33. Kf3 b5 34. Ke3 b4 35. Ne2 Rc2 36. Rd2 Rc5 37. Rd4 a5 38. Kd2 Rh5 39. Rd3 a4 40. Rd4 Rb5 41. b3 axb3 42. axb3 Kf8 43. Nc1 Ke7 44. Nd3 Rh5 45. Ne5 Rxh3 46. Rxb4 g5 47. Rb7+ Ke8 48. fxg5 hxg5 49. Nxf7 g4 50. Ng5 Rh6 51. Ne4 Rg6 52. Ke2 g3 53. Kf1 Rg5 1-0

[Event "Pedavena op 1st"]
[Site "Pedavena"]
[Date "2005.08.06"]
[Round "6"]
[White "Navarro, Emanuele"]
[Black "Cortina, Federico"]
[Result "1-0"]
[WhiteElo "2158"]
[BlackElo "1868"]
[PlyCount "89"]
[EventDate "2005.08.03"]
[EventType "swiss"]
[EventRounds "6"]
[EventCountry "ITA"]
[SourceTitle "EXT 2007"]
[Source "ChessBase"]
[SourceDate "2006.11.23"]
[SourceVersion "1"]
[SourceVersionDate "2006.11.23"]
[SourceQuality "1"]

1. d4 Nf6 2. c4 g6 3. Nc3 Bg7 4. e4 d6 5. Nf3 0-0 6. Be2 e5 7. d5 a5 8. 0-0 h6 9. g3 Na6 10. Nh4 Nc5 11. f3 Kh7 12. Be3 Ne8 13. Ng2 f5 14. exf5 gxf5 15. f4 b6 16. Qc2 Nf6 17. fxe5 dxe5 18. g4 Kh8 19. gxf5 Bd7 20. Rad1 Nb7 21. Nh4 Be8 22. Ng6+ Bxg6 23. fxg6 Nd6 24. c5 bxc5 25. Na4 Re8 26. Nxc5 Qe7 27. Qc1 Ng8 28. Ne6 Rec8 29. Bg4 Qh4 30. h3 h5 31. Bf2 Qf6 32. Nxg7 hxg4 33. Ne6 Qxg6 34. Bg3 gxh3 35. Kh2 Qe4 36. Rf2 Nf5 37. Qg5 Rf8 38. Rdd2 Rf7 39. Rde2 Qxd5 40. Bxe5+ Kh7 41. Qh5+ Ngh6 42. Ng5+ Kg8 43. Rxf5 Rxf5 44. Qg6+ Kf8 45. Bg7+ 1-0

[Event "Pedavena op 1st"]
[Site "Pedavena"]
[Date "2005.08.05"]
[Round "4"]
[White "Navarro, Emanuele"]
[Black "Drezzadore, Dario"]
[Result "1-0"]
[WhiteElo "2158"]
[BlackElo "2019"]
[PlyCount "73"]
[EventDate "2005.08.03"]
[EventType "swiss"]
[EventRounds "6"]
[EventCountry "ITA"]
[SourceTitle "EXT 2007"]
[Source "ChessBase"]
[SourceDate "2006.11.23"]
[SourceVersion "1"]
[SourceVersionDate "2006.11.23"]
[SourceQuality "1"]

1. d4 Nf6 2. c4 g6 3. Nc3 Bg7 4. e4 d6 5. Nf3 0-0 6. Be2 Nc6 7. 0-0 e5 8. d5 Ne7 9. Ne1 Ne8 10. g4 f5 11. gxf5 gxf5 12. exf5 Nxf5 13. Ng2 Nh4 14. Bg4 Nxg2 15. Kxg2 Qh4 16. Bxc8 Rxc8 17. Qe2 Rf6 18. Ne4 Rg6+ 19. Kh1 Qh3 20. f3 Nf6 21. Bd2 Rf8 22. Ng5 Qf5 23. Rg1 Nh5 24. Raf1 c6 25. Qe4 Nf4 26. Bxf4 Qxf4 27. Ne6 Qxe4 28. fxe4 Rxf1 29. Rxf1 cxd5 30. cxd5 Rf6 31. Rc1 Rf7 32. Rc8+ Bf8 33. Kg2 Rf6 34. Kg3 Rf7 35. Kg4 Rf2 36. Kg3 Rf6 37. Rd8 1-0

[Event "Pedavena op 1st"]
[Site "Pedavena"]
[Date "2005.08.05"]
[Round "5"]
[White "Navarro, Stefano"]
[Black "Navarro, Emanuele"]
[Result "1-0"]
[WhiteElo "2209"]
[BlackElo "2158"]
[PlyCount "130"]
[EventDate "2005.08.03"]
[EventType "swiss"]
[EventRounds "6"]
[EventCountry "ITA"]
[SourceTitle "EXT 2007"]
[Source "ChessBase"]
[SourceDate "2006.11.23"]
[SourceVersion "1"]
[SourceVersionDate "2006.11.23"]
[SourceQuality "1"]

1. e4 d6 2. d4 Nf6 3. Nc3 g6 4. Bg5 Nbd7 5. Qd2 c6 6. f4 h6 7. Bh4 Nh5 8. Nf3 Qa5 9. e5 g5 10. fxg5 dxe5 11. g6 fxg6 12. 0-0-0 e4 13. Nxe4 Qxa2 14. Qe3 Qa1+ 15. Kd2 Qa5+ 16. c3 Qc7 17. g4 Nf4 18. Bg3 g5 19. h4 e5 20. dxe5 Qb6 21. Qxb6 Nxb6 22. hxg5 Nfd5 23. Rh4 Be6 24. Bd3 0-0-0 25. Nd4 Nc7 26. Nd6+ Kb8 27. Nxe6 Nxe6 28. Nf7 Be7 29. Kc2 Bxg5 30. Rhh1 Nd5 31. Nxh8 Ne3+ 32. Kb1 Nxd1 33. Rxd1 Rxh8 34. Rf1 Re8 35. Bc4 Re7 36. Rf6 Nd8 37. Rf8 Kc8 38. e6 b5 39. Bd3 Rg7 40. Be5 Re7 41. Bd6 Rxe6 42. Bf5 Kd7 43. Bb4 c5 44. Ba5 Nc6 45. Bxe6+ Kxe6 46. Bc7 b4 47. Rf5 bxc3 48. bxc3 Be3 49. Bf4 Bxf4 50. Rxf4 Ne5 51. Kc2 Kd5 52. Kd2 a5 53. Ke3 Nc4+ 54. Kd3 Ne5+ 55. Kc2 a4 56. Kb1 c4 57. Ka2 Nd3 58. Rd4+ Kc6 59. Ka3 Nc1 60. Rd2 Nb3 61. Rh2 Kd5 62. Rxh6 Ke4 63. Kxa4 Kd3 64. Kb4 Nd2 65. Rd6+ Ke3 1-0

[Event "Pedavena op 1st"]
[Site "Pedavena"]
[Date "2005.08.04"]
[Round "3"]
[White "Okhotnik, Vladimir"]
[Black "Navarro, Emanuele"]
[Result "1-0"]
[WhiteElo "2404"]
[BlackElo "2158"]
[PlyCount "81"]
[EventDate "2005.08.03"]
[EventType "swiss"]
[EventRounds "6"]
[EventCountry "ITA"]
[SourceTitle "EXT 2007"]
[Source "ChessBase"]
[SourceDate "2006.11.23"]
[SourceVersion "1"]
[SourceVersionDate "2006.11.23"]
[SourceQuality "1"]

1. e4 d6 2. d4 Nf6 3. Nc3 g6 4. Be3 Bg7 5. h3 Nbd7 6. f4 c5 7. d5 Qa5 8. Qd2 a6 9. g4 b5 10. g5 Nh5 11. Kf2 h6 12. Nf3 hxg5 13. Nxg5 Nhf6 14. a3 Ng4+ 15. Kg2 Nxe3+ 16. Qxe3 b4 17. Nd1 Bb7 18. c4 bxc3 19. Nxc3 Bd4 20. Qd2 Nf6 21. Bc4 Rh5 22. Rae1 e6 23. Nf3 Bxc3 24. bxc3 exd5 25. Bxd5 Bxd5 26. exd5+ Kf8 27. c4 Qxa3 28. Re3 Qb4 29. Qc2 Qb7 30. Ng5 Qd7 31. Rhe1 Nh7 32. Re7 Qxe7 33. Rxe7 Kxe7 34. Qb2 Rd8 35. Ne4 Rf5 36. Qe2 Kf8 37. Qb2 Kg8 38. Nxd6 Rxf4 39. Qe5 Rf6 40. Ne8 Rf5 41. Qg7# 1-0

[Event "Pedavena op 1st"]
[Site "Pedavena"]
[Date "2005.08.03"]
[Round "1"]
[White "Fragni, Enrico"]
[Black "Navarro, Emanuele"]
[Result "0-1"]
[WhiteElo "1861"]
[BlackElo "2158"]
[PlyCount "76"]
[EventDate "2005.08.03"]
[EventType "swiss"]
[EventRounds "6"]
[EventCountry "ITA"]
[SourceTitle "EXT 2007"]
[Source "ChessBase"]
[SourceDate "2006.11.23"]
[SourceVersion "1"]
[SourceVersionDate "2006.11.23"]
[SourceQuality "1"]

1. d4 d6 2. Nf3 Bg4 3. Nbd2 Nf6 4. g3 Nbd7 5. Bg2 c6 6. 0-0 Qc7 7. b3 g6 8. Re1 Bg7 9. h3 Bxf3 10. Bxf3 0-0 11. Bb2 e5 12. c3 Rfe8 13. e4 b5 14. a3 a5 15. Qe2 Rab8 16. b4 c5 17. bxc5 dxc5 18. d5 Rf8 19. Nf1 Ne8 20. g4 Nd6 21. Ne3 c4 22. Qc2 Nc5 23. Bc1 Qd8 24. Ng2 f5 25. gxf5 gxf5 26. exf5 e4 27. Bg4 Nd3 28. Re2 Qf6 29. Bd2 Qe5 30. Ne3 Nf4 31. Ree1 h5 32. Bd1 Nxh3+ 33. Kg2 Nf4+ 34. Kh1 Nd3 35. Rf1 Nxf5 36. Be2 Nh4 37. Bxd3 exd3 38. Qd1 Nf3 0-1

[Event "Padova op-A 6th"]
[Site "Padova"]
[Date "2003.12.21"]
[Round "9.10"]
[White "Navarro, Emanuele"]
[Black "Cedriano, Filippo"]
[Result "1-0"]
[WhiteElo "2178"]
[BlackElo "1825"]
[PlyCount "61"]
[EventDate "2003.12.13"]
[EventType "swiss"]
[EventRounds "9"]
[EventCountry "ITA"]
[SourceTitle "EXT 2024"]
[Source "ChessBase"]
[SourceDate "2023.10.10"]
[SourceVersion "1"]
[SourceVersionDate "2023.10.10"]
[SourceQuality "1"]

1. e4 c6 2. d4 d5 3. exd5 cxd5 4. c4 Nf6 5. Nc3 Nc6 6. Nf3 Bg4 7. Be3 dxc4 8. Bxc4 e6 9. 0-0 Be7 10. d5 exd5 11. Nxd5 Nxd5 12. Qxd5 0-0 13. h3 Be6 14. Qxd8 Nxd8 15. Rac1 Bxc4 16. Rxc4 Nc6 17. Rfc1 Bf6 18. b4 a6 19. a4 Rac8 20. b5 axb5 21. axb5 Ne7 22. Rc7 Rxc7 23. Rxc7 Nd5 24. Rxb7 Nxe3 25. fxe3 Rc8 26. Nd4 Bxd4 27. exd4 Kf8 28. b6 g6 29. Rc7 Rb8 30. b7 Kg7 31. d5 1-0

[Event "Venice Autumn op 08th"]
[Site "Venice"]
[Date "2002.10.??"]
[Round "5"]
[White "Navarro, Emanuele"]
[Black "Di Lazzaro, Gabriele"]
[Result "1/2-1/2"]
[WhiteElo "2126"]
[BlackElo "1985"]
[PlyCount "115"]
[EventDate "2002.10.31"]
[EventType "swiss"]
[EventRounds "6"]
[EventCountry "ITA"]
[SourceTitle "EXT 2023"]
[Source "ChessBase"]
[SourceDate "2022.10.05"]
[SourceVersion "1"]
[SourceVersionDate "2022.10.05"]
[SourceQuality "1"]

1. e4 d5 2. exd5 Qxd5 3. Nc3 Qd6 4. d4 Nf6 5. Nf3 Bg4 6. Be2 a6 7. Be3 e6 8. Qd2 Nc6 9. 0-0-0 0-0-0 10. Ng5 Qd7 11. f3 Bf5 12. g4 Bg6 13. a3 h6 14. Nge4 Be7 15. h4 Nd5 16. Nxd5 exd5 17. Ng3 Rde8 18. h5 Bh7 19. Bd3 Bxd3 20. Qxd3 Bf6 21. Bf2 Na5 22. Rhe1 Nc4 23. Nf1 Qb5 24. Qc3 Bg5+ 25. Kb1 Be7 26. Ka2 Bd6 27. Ne3 Nxe3 28. Bxe3 Re6 29. Bf2 Rhe8 30. Rxe6 Rxe6 31. Re1 Re2 32. Rxe2 Qxe2 33. Qe3 Qc4+ 34. Kb1 Qf1+ 35. Qe1 Qxe1+ 36. Bxe1 Bf4 37. b3 Kd7 38. c4 Ke6 39. Kc2 dxc4 40. bxc4 c6 41. a4 b5 42. Kb3 Bd6 43. d5+ Kd7 44. dxc6+ Kxc6 45. cxb5+ axb5 46. axb5+ Kxb5 47. Bc3 g6 48. Bd4 gxh5 49. gxh5 Bf4 50. Kc3 Kc6 51. Kd3 Kd5 52. Bg7 f5 53. Bf8 Ke6 54. Bg7 Kf7 55. Bd4 Ke6 56. Be3 Ke5 57. Bd4+ Kd5 58. Be3 1/2-1/2

[Event "Vicenza op 4th"]
[Site "Vicenza"]
[Date "2000.10.07"]
[Round "4"]
[White "Navarro, Emanuele"]
[Black "Danieli, Enrico"]
[Result "1/2-1/2"]
[WhiteElo "1879"]
[BlackElo "2096"]
[PlyCount "70"]
[EventDate "2000.09.30"]
[EventType "swiss"]
[EventRounds "6"]
[EventCountry "ITA"]
[SourceTitle "EXT 2023"]
[Source "ChessBase"]
[SourceDate "2022.10.05"]
[SourceVersion "1"]
[SourceVersionDate "2022.10.05"]
[SourceQuality "1"]

1. e4 c6 2. d4 d5 3. exd5 cxd5 4. c4 e6 5. cxd5 Qxd5 6. Nc3 Qa5 7. Nf3 Nf6 8. Bc4 Be7 9. 0-0 0-0 10. Qe2 Nc6 11. Rd1 Rd8 12. Bf4 a6 13. Rac1 Rd7 14. Be5 b5 15. Bxf6 Bxf6 16. d5 bxc4 17. dxc6 Rxd1+ 18. Nxd1 Qxa2 19. Rxc4 a5 20. Qc2 Ba6 21. Ra4 Qd5 22. Ne3 Qb5 23. b3 g6 24. Rf4 Be7 25. Qc3 Rd8 26. h4 Rd3 27. Qa1 Rxb3 28. Qd4 Rb2 29. Kh2 Qb8 30. g3 Qd6 31. Qa7 Bc8 32. Rd4 Qxc6 33. Qxe7 Rxf2+ 34. Kh1 Qxf3+ 35. Kg1 Bb7 1/2-1/2

[Event "Padova op-A 1st"]
[Site "Padova"]
[Date "1998.12.20"]
[Round "6.3"]
[White "Navarro, Emanuele"]
[Black "Guclu, Yaman"]
[Result "1-0"]
[WhiteElo "1786"]
[BlackElo "1600"]
[PlyCount "83"]
[EventDate "1998.12.12"]
[EventType "swiss"]
[EventRounds "6"]
[EventCountry "ITA"]
[SourceTitle "EXT 2023"]
[Source "ChessBase"]
[SourceDate "2022.10.05"]
[SourceVersion "1"]
[SourceVersionDate "2022.10.05"]
[SourceQuality "1"]

1. d4 Nf6 2. Nf3 c5 3. c3 b6 4. Bg5 d5 5. e3 e6 6. Bd3 Bb7 7. Ne5 Be7 8. Bxf6 gxf6 9. Bb5+ Kf8 10. Nf3 Rg8 11. Nbd2 Rxg2 12. Qe2 f5 13. Qf1 Rg7 14. Qh3 a6 15. Bd3 Nd7 16. 0-0-0 Nf6 17. Ne5 Ng4 18. Nxg4 fxg4 19. Qh5 f5 20. h3 gxh3 21. Rdg1 Qe8 22. Qh6 Qf7 23. Rxh3 Qf6 24. Rxg7 Qxg7 25. Qxe6 Qg1+ 26. Kc2 Qg6 27. Qxf5+ Qxf5 28. Bxf5 cxd4 29. exd4 Bc8 30. Bxc8 Rxc8 31. Rxh7 Rc6 32. Rh5 Rd6 33. Rf5+ Kg7 34. Nf1 Rf6 35. Ne3 Bd8 36. Rxf6 Kxf6 37. Nxd5+ Ke6 38. Ne3 Bh4 39. f3 Bg5 40. Kd3 Bf4 41. Ke4 Bg3 42. f4 1-0

[Event "Padova op-A 1st"]
[Site "Padova"]
[Date "1998.12.12"]
[Round "1.7"]
[White "Pietrobelli, Domenico"]
[Black "Navarro, Emanuele"]
[Result "0-1"]
[WhiteElo "1591"]
[BlackElo "1786"]
[PlyCount "76"]
[EventDate "1998.12.12"]
[EventType "swiss"]
[EventRounds "6"]
[EventCountry "ITA"]
[SourceTitle "EXT 2023"]
[Source "ChessBase"]
[SourceDate "2022.10.05"]
[SourceVersion "1"]
[SourceVersionDate "2022.10.05"]
[SourceQuality "1"]

1. e4 Nf6 2. Nc3 e5 3. Nf3 d6 4. Bc4 Be7 5. d3 0-0 6. Bg5 Nbd7 7. Qd2 c6 8. h4 b5 9. Bb3 a5 10. a4 b4 11. Nd1 Nc5 12. Bc4 d5 13. exd5 cxd5 14. Bb5 e4 15. Ne5 exd3 16. Nc6 Qd6 17. Nd4 dxc2 18. Bf4 cxd1Q+ 19. Rxd1 Qb6 20. Nc6 Bd8 21. 0-0 Nce4 22. Qc1 Ba6 23. Be3 Qc7 24. Bf4 Qb6 25. Be3 Qb7 26. f3 Ng3 27. Qc5 Nxf1 28. Kxf1 Rc8 29. Nxd8 Rfxd8 30. Qb6 Bxb5+ 31. axb5 Qxb6 32. Bxb6 Rd7 33. Bxa5 Rc5 34. Bxb4 Rxb5 35. Rc1 h5 36. Bc3 d4 37. Bd2 Rxb2 38. Bg5 d3 0-1